| LEADER |
00892nam0a2200205 450 |
| 001 |
16868285 |
| 010 |
|
|
|a 978-2-7316-9162-7
|b cart.
|d 14,2
|
| 100 |
|
|
|a 20160825d2016 u u0frey01 ba
|
| 101 |
0 |
|
|a fre
|
| 102 |
|
|
|a FR
|
| 200 |
0 |
|
|a Cité de Platon (La)
|f scénario Christophe Bec
|g dessin Milan Jovanovic
|
| 207 |
|
1 |
|a
|
| 215 |
|
|
|a 1 vol. (56 p.)
|c illustrations en couleur
|d 32 x 24 cm
|
| 330 |
|
|
|a Tomaison. Un fossile géant attaque des scaphandriers. Carthago cherche à dissimuler l'existence de l'ancêtre préhistorique du requin blanc, mais des scientifiques, comme Kim Melville, veulent rendre l'affaire publique.
|
| 461 |
|
0 |
|t Carthago
|v 05
|
| 700 |
|
0 |
|a Bec
|b Christophe
|4 70
|
| 701 |
|
0 |
|a Jovanovic
|b Milan
|4 440
|
| 900 |
|
|
|a Bande dessinée (adultes)
|
| 901 |
|
|
|a Adultes
|
| 995 |
|
|
|a Médiathèque
|c Médiathèque
|f 00156008734907
|h 00156008734907
|k BDA BEC CAR 5
|o p
|q a
|r az
|e Médiathèque
|